Principles and practice of biological mass spectrometry

The first half of this book contains a comprehensive discussion on various ionization techniques, mass analyzers, tandem mass spectrometry instrumentation, the concepts of molecular mass measurement and quantative analysis, and coupling of high-resolution separation devices. The second half addresse...

সম্পূর্ণ বিবরণ

সংরক্ষণ করুন:
গ্রন্থ-পঞ্জীর বিবরন
প্রধান লেখক: Chhabil Dass
বিন্যাস: গ্রন্থ
ভাষা:Undetermined
প্রকাশিত: New York John Wiley & Sons 2001
বিষয়গুলি:
ট্যাগগুলো: ট্যাগ যুক্ত করুন
কোনো ট্যাগ নেই, প্রথমজন হিসাবে ট্যাগ করুন!
Thư viện lưu trữ: Trung tâm Học liệu Trường Đại học Cần Thơ
LEADER 01048nam a2200205Ia 4500
001 CTU_51026
008 210402s9999 xx 000 0 und d
020 |b 1624000 
082 |a 572.36 
082 |b D231 
100 |a Chhabil Dass 
245 0 |a Principles and practice of biological mass spectrometry 
245 0 |c Chhabil Dass 
260 |a New York 
260 |b John Wiley & Sons 
260 |c 2001 
520 |a The first half of this book contains a comprehensive discussion on various ionization techniques, mass analyzers, tandem mass spectrometry instrumentation, the concepts of molecular mass measurement and quantative analysis, and coupling of high-resolution separation devices. The second half addresses mass spectrometry approaches to the analysis of a diverse variety of biological compounds, such as proteins, peptides, glycoproteins, oligosaccharides, lipids, glycolipids, and oligonucleotides. 
650 |a mass spectrometry,biomolecules 
650 |x analysis 
980 |a Trung tâm Học liệu Trường Đại học Cần Thơ